00613nam a2200169Ia 4500008004100000100001900041245010700060245003400167260003900201260000900240300001100249650001800260650001500278856005800293999001900351952007300370170221s9999 xx 000 0 und d aKathleen Czech aCommunication, Leadership, and Job Satisfaction: Perspectives on Supervisor-Subordinate Relationships  cKathleen Czech, G. L. Forward bStudies in Media and Communication c2013 a33 : 5 xCommunication xMedia Arts uhttp://redfame.com/journal/index.php/smc/issue/view/8 c311031d311031 001040aCLbCLd2017-02-21l0r2017-02-21 00:00:00w2017-02-21yFOJ